| Tag |
First Indicator |
Second Indicator |
Subfields |
| LEADER |
00000cam a2200000 a 4500 |
| 001 |
in00001836613 |
| 005 |
20151026085448.0 |
| 008 |
021120s2004 enka b 001 0 eng |
| 015 |
|
|
|a GBA3-Z8027
|
| 020 |
|
|
|a 1854373110
|
| 035 |
|
|
|a (OCoLC)ocm51235636
|
| 040 |
|
|
|a UKM
|c UKM
|d OCLCQ
|d GZM
|d C#P
|d TXA
|d UtOrBLW
|
| 049 |
|
|
|a TXAM
|
| 050 |
|
4 |
|a N8354
|b .F67 2004
|
| 082 |
0 |
4 |
|a 704.042
|2 21
|
| 100 |
1 |
|
|a Foster, Alicia.
|
| 245 |
1 |
0 |
|a Tate women artists /
|c Alicia Foster.
|
| 246 |
3 |
0 |
|a Women artists
|
| 264 |
|
1 |
|a London :
|b Tate ;
|c 2004.
|
| 264 |
|
2 |
|a New York :
|b Distributed in the U.S. by Harry N. Abrams,
|
| 300 |
|
|
|a 272 pages :
|b illustrations (chiefly color) ;
|c 27 cm.
|
| 336 |
|
|
|a text
|b txt
|2 rdacontent
|
| 337 |
|
|
|a unmediated
|b n
|2 rdamedia
|
| 338 |
|
|
|a volume
|b nc
|2 rdacarrier
|
| 504 |
|
|
|a Includes bibliographical references (page 263) and index.
|
| 610 |
2 |
0 |
|a Tate Gallery.
|
| 650 |
|
0 |
|a Women artists.
|
| 994 |
|
|
|a E0
|b TXA
|
| 948 |
|
|
|a cataloged
|b h
|c 2004/8/17
|d c
|e jlanham
|f 11:03:52 am
|
| 999 |
|
|
|a MARS
|
| 999 |
f |
f |
|s 138af645-428f-3798-973d-832509860fdf
|i f3aec204-08fb-3bd3-8e5f-c43fc48ae0a9
|t 0
|
| 952 |
f |
f |
|p noncirc
|a Texas A&M University
|b College Station
|c Cushing Memorial Library & Archives
|d Cushing: Women & Gender Studies (Does not check out)
|t 0
|e N8354 .F67 2004
|h Library of Congress classification
|i unmediated -- volume
|m A14831294582
|
| 998 |
f |
f |
|a N8354 .F67 2004
|t 0
|l Cushing: Women & Gender Studies (Does not check out)
|